Międzynarodowe wersje Bolka i Lolka - Statystyki

Ogólne statystyki
  • Ten quiz został rozwiązany 8 razy
  • Średni wynik to 12 z 16
Statystyki odpowiedzi
Film Język Tytuł % Poprawnych
Bolek i Lolek na Dzikim Zachodzie Niemiecki Bolek und Lolek im Wilden Westen
100%
Wielka podróż Bolka i Lolka Niemiecki Lolek und Boleks große Reise
100%
Wielka podróż Bolka i Lolka Rosyjski Большое путешествие Болека и Лёлека
100%
Bolek i Lolek na Dzikim Zachodzie Czeski Bolek a Lolek na divokém západě
88%
Wielka podróż Bolka i Lolka Czeski Velké putování Bolka a Lolka
88%
Wielka podróż Bolka i Lolka Francuski Le Grand Voyage de Bolek et Lolek
88%
Bolek i Lolek na Dzikim Zachodzie Słowacki Bolek a Lolek na Divokom Západe
88%
Wielka podróż Bolka i Lolka Słowacki Veľké putovanie Bolka a Lolka
88%
Bolek i Lolek na Dzikim Zachodzie Hiszpański Bolek y Lolek en el Salvaje Oeste
75%
Wielka podróż Bolka i Lolka Hiszpański La vuelta al mundo con Bolek y Lolek
75%
Wielka podróż Bolka i Lolka Szwedzki Äventyr med Bolek i Lolek
75%
Bolek i Lolek na Dzikim Zachodzie Chorwacki Bolek i Lolek na Divljem Zapadu
50%
Bolek i Lolek na Dzikim Zachodzie Węgierski Lolka és Bolka a Vadnyugaton
50%
Wielka podróż Bolka i Lolka Węgierski Lolka és Bolka a Föld körül
50%
Bolek i Lolek na Dzikim Zachodzie Rumuński Lolek și Bolek în Vestul Sălbatic
38%
Bolek i Lolek na Dzikim Zachodzie Słoweński Bolek in Lolek na Divjem zahodu
38%
Nie znaleziono quizów pasujących do podanych kryteriów
Rozkład punktacji
Procent ludzi z każdym wynikiem
Percentyl według liczby udzielonych odpowiedzi
Twoja historia wyników
Nie rozwiązałeś tego quizu